000 00862cam a2200265 a 4500
001 000008889
005 20200929161431.0
008 910826s1989 cu 001 f spa
010 _a91819018
035 _a(DLC) 91819018
040 _aDO-SdBNP
_bspa
_cLC
_dBNPHU
082 _aPR863.6
_bS718p
100 1 _aSoto, Pedro Juan,
_d1928-
_923442
245 1 0 _aPalabras al vuelo /
_cPedro Juan Soto ; selección Emilio Jorge Rodríguez ; edición Reinaldo Castillo.
260 _aCiudad de la Habana :
_bCasa de las Américas,
_c1989.
300 _a243 p. ;
_c20 cm.
490 1 _aLa Honda
650 4 _aCuentos puertorriqueños
_9249
650 4 _aLiteratura puertorriqueña
_9250
700 1 _aRodríguez, Emilio Jorge.
_99865
700 1 _aCastillo, Reinaldo,
_eed.
_93176
830 0 _aLa Honda
_922010
910 _aCatalogación derivada
049 _aBNPHU
999 _c8658
_d8658